The nature of life

Uloženo v:
Podrobná bibliografie
Hlavní autor: Postlethwait, Jonh
Médium: Kniha
Jazyk:Undetermined
Vydáno: New York McGraw-Hill 1995
Témata:
Tagy: Přidat tag
Žádné tagy, Buďte první, kdo otaguje tento záznam!
Thư viện lưu trữ: Trung tâm Học liệu Trường Đại học Cần Thơ
LEADER 00455nam a2200169Ia 4500
001 CTU_48920
008 210402s9999 xx 000 0 und d
082 |a 570 
082 |b P858 
100 |a Postlethwait, Jonh 
245 4 |a The nature of life 
245 0 |c Postlethwait, Jonh, Janet L. Hopson 
260 |a New York 
260 |b McGraw-Hill 
260 |c 1995 
650 |a Liffe ( biology ) 
980 |a Trung tâm Học liệu Trường Đại học Cần Thơ